000 00716nam a2200253Ia 4500
003 OSt
005 20221005075712.0
006 a|||||r|||| 00| 0
007 ta
008 221004b |||||||| |||| 00| 0 urd d
020 _a8129106345
_c395
024 _a19270
037 _b43703, 24/03/2015, Segment Book Distributors
_cTextual
040 _aCRL
_cCRL
_burd
041 _2urd
_aurd
082 _aO168,1L97w, P5
100 _aGulzar
245 0 _aMirza Ghalib
260 _aNew Delhi
_bNCPL India
_c2005
300 _a236p.
_ccm.
650 _aURDU POETRY
942 _hO168,1L97w, P5
_cTEXL
_2cc
999 _c985022
_d985022